| 000 | 00653nam a2200265Ia 4500 | ||
|---|---|---|---|
| 005 | 20260121170642.0 | ||
| 008 | 008 260114s9999 xx 000 0 eng d | ||
| 020 | _a9781493986163 | ||
| 037 | _aEBOOK | ||
| 040 | _aCRL | ||
| 040 | _beng | ||
| 040 | _cCRL | ||
| 041 | _2eng | ||
| 041 | _aeng | ||
| 084 | _qCRL | ||
| 100 |
_aGuanqun Chen, Randall J. Weselake, Stacy D. Singer _91066499 |
||
| 245 | 0 | _aPlant Bioproducts | |
| 260 | _bSpringer | ||
| 260 | _bSpringer | ||
| 260 | _c2018 | ||
| 856 | _uhttps://link.springer.com/openurl?genre=book&isbn=978-1-4939-8616-3 | ||
| 942 | _cEBOOK | ||
| 999 |
_c1632229 _d1632229 |
||